Statistics for Hazbin Hotel - Happy Day In Hell

Click here to take the quiz!

General Stats

  • This quiz has been taken 44 times
  • The average score is 319 of 396

Answer Stats

HintAnswer% Correct
be
100%
do
100%
(I
100%
Charlie, Demons, Imp: | Charlie:I
100%
it
100%
a
97%
This
97%
in
97%
know
97%
my
97%
no
97%
this
97%
Vaggie:This
97%
this,
97%
to
97%
Charlie:To
97%
an
93%
And
93%
and
93%
can
93%
day
93%
don't
93%
happy
93%
Hell
93%
is
93%
Vaggie:Is
93%
she
93%
she's
93%
the
93%
fuck
90%
go
90%
Demon:Go
90%
Heaven
90%
I'll
90%
just
90%
oh
90%
Angel Dust:Oh,
90%
sing
90%
so
90%
touch
90%
you
90%
you,
90%
Trench Coat Demon:Your
90%
could
87%
dancin'
87%
down
87%
get
87%
Charlie:Hi,
87%
Sinner:I'm
87%
mind
87%
on
87%
shit,
87%
street
87%
Angel Dust:That
87%
that
87%
them
87%
Charlie:Then
87%
Charlie: | Sinner:There's
87%
(There's
87%
today
87%
Today
87%
behind
83%
bitch
83%
change
83%
have
83%
hear
83%
me
83%
not
83%
Not
83%
smell
83%
tell
83%
their
83%
they
83%
way
83%
we
83%
will
83%
yourself
83%
Demons:Another
80%
blow
80%
Vaggie:Charlie,
80%
from
80%
From
80%
fuckin'
80%
gonna
80%
hearts
80%
if
80%
If
80%
Vaggie:It's
80%
it's
80%
plans
80%
shitty
80%
soul)
80%
soul
80%
swell
80%
up,
80%
Vaggie
80%
well
80%
what
80%
angels'
77%
angels
77%
bad
77%
chance
77%
CharlieCheer
77%
halfway
77%
of
77%
parts
77%
show
77%
thank
77%
already
73%
doin'
73%
It'll
73%
I've
73%
where
73%
all
70%
any
70%
are
70%
burning
70%
'Cause
70%
dream
70%
fire
70%
hard
70%
Hazbin
70%
hole
70%
hole;
70%
Hotel
70%
minds
70%
Or
70%
somehow
70%
Something
70%
stare
70%
tells
70%
that's
70%
they're
70%
Vaggie:They're
70%
Charlie:Uh,
70%
whatever
70%
why?
70%
anywhere
67%
But
67%
but
67%
dreamed
67%
Every
67%
feeling
67%
give
67%
got
67%
Imp:Got
67%
his
67%
shove
67%
taste
67%
trash
67%
air
63%
At
63%
beats
63%
brains
63%
Cannibal
63%
crow
63%
demon
63%
destiny
63%
eye
63%
frown
63%
genocide
63%
Heaven's
63%
mister
63%
Vaggie:Okay,
63%
our
63%
porn
63%
revealing,
63%
studio,
63%
Town,
63%
Vaggie:Ugh,
63%
warm,
63%
appealing,
60%
bukkake
60%
endless
60%
fuzzy
60%
gosh,
60%
hold
60%
holy
60%
lost
60%
meeting
60%
more
60%
once-in-a-lifetime
60%
place
60%
role
60%
shows
60%
spare
60%
strange
60%
through
60%
acquired
57%
barbed
57%
bloodthirsty
57%
everyone
57%
evil
57%
loss,
57%
realm
57%
redeemed
57%
Vaggie:Those
57%
wire
57%
cinephiles
53%
deranged
53%
door
53%
open
53%
stories,
53%
ton
53%
watch
53%
wear
53%
award-winning
50%
displaced
50%
Charlie, Demons:Fulfill
50%
like
50%
required,
50%
Charlie:Ah
47%
(Ahh)
47%
Executioner:Doing
47%
Charlie:Hello!
47%
shoved
47%
wafts
47%
kinda
40%
'scuse
27%
(Ah-ah)
10%
Perv)
10%

Score Distribution

Percentile by Number Answered

Percent of People with Each Score

Your Score History

You have not taken this quiz